| 000 | 01412nam a2200349 i 4500 | ||
|---|---|---|---|
| 001 | bg | ||
| 100 | 1 | _aPopczyk, Jacek. | |
| 245 | 1 | 0 |
_aRoboty wykończeniowe : _b[instrukcja]. _nZ. 4, _pPowłoki malarskie zewnętrzne i wewnętrzne / _cInstytut Techniki Budowlanej ; [aut.: Jacek Popczyk, Zbigniew Rydz]. |
| 260 |
_aWarszawa : _bInstytut Techniki Budowlanej, _c2007. |
||
| 300 |
_a21, [3] s. ; _c24 cm. |
||
| 490 | 1 |
_aInstrukcje, Wytyczne, Poradniki / Instytut Techniki Budowlanej ; _aWarunki techniczne wykonania i odbioru robót budowlanych ; _v387/2007 _vcz. B |
|
| 490 | 1 |
_aWarunki techniczne wykonania i odbioru robót budowlanych ; _vcz. B |
|
| 650 | 9 | _aMalarstwo (rzem.) | |
| 650 | 9 |
_aBarwniki _xstosowanie _xbudownictwo |
|
| 650 | 9 |
_aBudownictwo _xnormalizacja _zPolska |
|
| 655 | _aInstrukcje | ||
| 700 | 1 | _aRydz, Zbigniew | |
| 710 | 2 | _aInstytut Techniki Budowlanej | |
| 830 | 0 |
_aInstrukcje, Wytyczne, Poradniki / Instytut Techniki Budowlanej ; _v387/2007 |
|
| 830 | _aWarunki techniczne wykonania i odbioru robót budowlanych ; | ||
| 020 | _a8373706607 (całość) | ||
| 020 | _a9878324912261 (zeszyt) | ||
| 040 | _cBPK | ||
| 041 | 0 | _apol | |
| 044 | _aPOL | ||
| 080 | _a698(083.1) | ||
| 920 | _a83-7370-660-7 | ||
| 920 | _a978-83-249-1226-1 | ||
| 942 | _cKS | ||
| 008 | s pl f |000 0 pol | ||
| 999 |
_c54665 _d54665 |
||
| 856 |
_uhttp://koha.tu.koszalin.pl/cgi-bin/koha/opac-detail.pl?biblionumber=54665 _yKatalog online BPK |
||